Widok standardowy
Widok MARC
Pozycja Corporate Name
Liczba rekordów, w których użyto hasła: 1
001 - Numer kontrolny
- control field: 39538
003 - Identyfikator numeru kontrolnego
- control field: NUKAT
005 - Data i czas ostatniej modyfikacji
- control field: 20260407125429.0
008 - Dane kontrolne kodowane (40 znaków)
- fixed length control field: 091211n||azznnbabn |a ana |
010 ## - Numer kontrolny Biblioteki Kongresu
- numer kontrolny LC: p 2019005951
024 7# - OTHER STANDARD IDENTIFIER
- Standard number or code: 166166669
- Source of number or code: viaf
035 ## - Numer systemowy
- numer systemowy: a23663753
035 ## - Numer systemowy
- numer systemowy: (PL)a0000002366375
040 ## - Instytucja sporządzająca rekord
- inst. przygot. dane do rek. khw: WA N
- język haseł przedmiotowych/tezaurus: DBN
- inst. wprow. rek. khw: WA N
046 ## - Special dates
- Establishment date: 1945
- Termination date: 1950
110 2# - Hasło - nazwa ciała zbiorowego
- nazwa ciała zbior. lub geogr. na pocz.: Akademia Lekarska (Gdańsk)
410 2# - Trop zob. - nazwa ciała zbiorowego
- nazwa ciała zbior. lub geogr. na pocz.: Akademia Lekarska w Gdańsku
510 2# - Trop zob. też - nazwa ciała zbiorowego
- podpole kontrolne: h
- nazwa ciała zbior. lub geogr. na pocz.: Biblioteka Akademii Lekarskiej (Gdańsk)
510 2# - Trop zob. też - nazwa ciała zbiorowego
- podpole kontrolne: b
- nazwa ciała zbior. lub geogr. na pocz.: Akademia Medyczna (Gdańsk)
510 2# - Trop zob. też - nazwa ciała zbiorowego
- podpole kontrolne: b
- nazwa ciała zbior. lub geogr. na pocz.: Gdański Uniwersytet Medyczny
665 ## - Nota historyczna
- nota historyczna: Akademia Medyczna w Gdańsku została założona 22.09.1945 r. jako Akademia Lekarska. Zmiana nazwy nastapiła 03.03.1950 r. Od maja 2009 zmiana nazwy instytucji na: Gdański Uniwersytet Medyczny.
670 ## - Źródło informacji
- źródło informacji: Otolaryngologia Polska : organ klinik otolaryngologicznych uniwersytetów polskich, Akademii Lekarskiej w Gdańsku i Polskiego Towarzystwa Otolaryngologicznego. - R. 1, nr 1 (1947)-.
670 ## - Źródło informacji
- źródło informacji: Nauka Polska
670 ## - Źródło informacji
- źródło informacji: Gdański Uniwersytet Medyczny, dostęp 12. 12. 2009.
- adres internetowy: http://www.gumed.edu.pl/